[Event "Barcelona Sant Marti op 9th"]
[Site "Barcelona"]
[Date "2020.03.12"]
[Round "9"]
[White "Paez Nunez, David"]
[Black "Bellpuig Mencos, Gerard"]
[Result "0-1"]
[WhiteElo "1500"]
[BlackElo "1647"]
[PlyCount "90"]
[EventDate "2020.01.16"]
[EventType "swiss"]
[EventRounds "9"]
[EventCountry "ESP"]
[SourceTitle "EXT 2021"]
[Source "ChessBase"]
[SourceDate "2020.10.23"]
[SourceVersion "1"]
[SourceVersionDate "2020.10.23"]
[SourceQuality "1"]

1. c4 g6 2. g3 Bg7 3. Bg2 c5 4. Nc3 Nc6 5. d3 e6 6. e4 Nge7 7. Nge2 d6 8. Be3 Nd4 9. a3 0-0 10. 0-0 Bd7 11. Rb1 a5 12. f4 Nec6 13. Rf2 Qe7 14. Bd2 e5 15. Nd5 Qd8 16. Rf1 Bg4 17. Ndc3 exf4 18. Rxf4 Ne5 19. Qf1 g5 20. Rf2 Nxd3 21. Nxd4 Nxf2 22. Qxf2 Bxd4 23. Be3 Qf6 24. Bxd4 Qxd4 25. Qxd4 cxd4 26. Nd5 Be6 27. Rd1 Bxd5 28. exd5 Rfe8 29. Bf3 Re3 30. Kf2 Rb3 31. Rd2 Re8 32. Bd1 Rbe3 33. Rxd4 R3e4 34. Rxe4 Rxe4 35. b3 Kg7 36. a4 f5 37. Bc2 Re5 38. h3 h6 39. Bd1 Kf6 40. g4 f4 41. Bc2 Re3 42. Bd1 Ke5 43. Kg2 Rd3 44. Be2 Rxb3 45. Bd1 Rb4 0-1

[Event "Barcelona Sant Marti op 9th"]
[Site "Barcelona"]
[Date "2020.01.30"]
[Round "3"]
[White "Permanyer Ugartemendia, Inaki"]
[Black "Paez Nunez, David"]
[Result "1/2-1/2"]
[WhiteElo "1727"]
[BlackElo "1500"]
[PlyCount "26"]
[EventDate "2020.01.16"]
[EventType "swiss"]
[EventRounds "9"]
[EventCountry "ESP"]
[SourceTitle "CBM 195 Extra"]
[Source "ChessBase"]
[SourceDate "2020.05.31"]
[SourceVersion "1"]
[SourceVersionDate "2020.05.31"]
[SourceQuality "1"]

1. d4 d5 2. Nf3 c6 3. e3 Nf6 4. c4 Bf5 5. Nc3 e6 6. cxd5 exd5 7. Bd3 Bxd3 8. Qxd3 Bd6 9. 0-0 0-0 10. a3 Re8 11. b4 Nbd7 12. b5 Ne4 13. bxc6 bxc6 1/2-1/2

[Event "Barcelona Amateurs"]
[Site "Barcelona"]
[Date "2019.11.13"]
[Round "8.1"]
[White "Paez Nunez, David"]
[Black "Peiron Lluch, Jose Daniel"]
[Result "0-1"]
[WhiteElo "1497"]
[BlackElo "1808"]
[PlyCount "72"]
[EventDate "2019.09.25"]
[EventType "swiss"]
[EventRounds "9"]
[EventCountry "ESP"]
[SourceTitle "EXT 2024"]
[Source "ChessBase"]
[SourceDate "2023.10.10"]
[SourceVersion "1"]
[SourceVersionDate "2023.10.10"]
[SourceQuality "1"]

1. c4 Nf6 2. g3 d6 3. Bg2 Nbd7 4. Nc3 c6 5. d3 e5 6. e4 Be7 7. Nge2 h6 8. h3 Nf8 9. Be3 Qc7 10. Qc2 Be6 11. a4 g5 12. b4 Ng6 13. b5 d5 14. exd5 cxd5 15. cxd5 Nxd5 16. Bd2 Nb4 17. Qb1 Rd8 18. 0-0 0-0 19. Rd1 f5 20. Be1 Kg7 21. Rd2 Qc8 22. Kh2 f4 23. f3 Bf5 24. Ne4 Bxe4 25. dxe4 Rxd2 26. Bxd2 Qc4 27. Bf1 Rd8 28. Bxb4 Bxb4 29. Nxf4 Rd2+ 30. Ng2 Qd4 31. Qc1 Bc5 32. Bc4 Rxg2+ 33. Kxg2 Qf2+ 34. Kh1 Qxf3+ 35. Kh2 Bf2 36. Ra3 Bxg3+ 0-1

[Event "Barcelona Amateurs"]
[Site "Barcelona"]
[Date "2019.10.09"]
[Round "3.1"]
[White "Jose Iraeta, Alexandre"]
[Black "Paez Nunez, David"]
[Result "1-0"]
[WhiteElo "1959"]
[BlackElo "1497"]
[PlyCount "73"]
[EventDate "2019.09.25"]
[EventType "swiss"]
[EventRounds "9"]
[EventCountry "ESP"]
[SourceTitle "EXT 2024"]
[Source "ChessBase"]
[SourceDate "2023.10.10"]
[SourceVersion "1"]
[SourceVersionDate "2023.10.10"]
[SourceQuality "1"]

1. d4 d5 2. Nf3 Nf6 3. c4 e6 4. g3 c6 5. Bg2 Be7 6. 0-0 0-0 7. Nc3 Nbd7 8. Qc2 Re8 9. Rd1 Nf8 10. e4 dxe4 11. Nxe4 Ng6 12. Bg5 Nxe4 13. Bxe7 Qxe7 14. Qxe4 Bd7 15. Ne5 Nxe5 16. dxe5 Rad8 17. Rd6 Bc8 18. Rad1 Rxd6 19. Rxd6 Bd7 20. Qd4 Rd8 21. Qxa7 Be8 22. Rxd8 Qxd8 23. Qxb7 Qd1+ 24. Bf1 Qd4 25. Qe7 Qd7 26. Qxd7 Bxd7 27. c5 Kf8 28. f4 f5 29. Kf2 Ke8 30. b4 Kd8 31. Ke3 Kc7 32. Kd4 Bc8 33. a4 Kb8 34. Bg2 Bd7 35. Kc4 Ka7 36. b5 cxb5+ 37. axb5 1-0

[Event "Barcelona Sant Marti op 8th"]
[Site "Barcelona"]
[Date "2019.02.14"]
[Round "5"]
[White "Paez Nunez, David"]
[Black "Cros Garcia, Marc"]
[Result "0-1"]
[WhiteElo "1496"]
[BlackElo "1909"]
[PlyCount "68"]
[EventDate "2019.01.17"]
[EventType "swiss"]
[EventRounds "9"]
[EventCountry "ESP"]
[SourceTitle "CBM 189 Extra"]
[Source "ChessBase"]
[SourceDate "2019.06.03"]
[SourceVersion "1"]
[SourceVersionDate "2019.06.03"]
[SourceQuality "1"]

1. Nf3 d5 2. b3 e6 3. Bb2 c5 4. e3 Nf6 5. c4 Be7 6. cxd5 exd5 7. Bb5+ Bd7 8. Bxd7+ Nbxd7 9. d3 Nf8 10. Nc3 Ng6 11. Ne2 0-0 12. Ng3 Qd7 13. 0-0 h5 14. Rc1 h4 15. Ne2 Rac8 16. Kh1 Rfe8 17. Qd2 h3 18. g3 Qg4 19. Nfg1 Bd8 20. Qd1 c4 21. bxc4 dxc4 22. Nc3 cxd3 23. Qxd3 Ne5 24. Qe2 Qf5 25. Qb5 Bb6 26. f4 Nfg4 27. e4 Qd7 28. fxe5 Qxb5 29. Nxb5 Rxc1 30. Bxc1 Rxe5 31. Nd6 Rc5 32. Nxh3 Rc2 33. Nf2 Nxf2+ 34. Rxf2 Rxc1+ 0-1

[Event "Barcelona Sant Marti op 8th"]
[Site "Barcelona"]
[Date "2019.01.31"]
[Round "3"]
[White "Llorens Gou, Juan"]
[Black "Paez Nunez, David"]
[Result "1/2-1/2"]
[WhiteElo "1653"]
[BlackElo "1496"]
[PlyCount "30"]
[EventDate "2019.01.17"]
[EventType "swiss"]
[EventRounds "9"]
[EventCountry "ESP"]
[SourceTitle "CBM 189 Extra"]
[Source "ChessBase"]
[SourceDate "2019.06.03"]
[SourceVersion "1"]
[SourceVersionDate "2019.06.03"]
[SourceQuality "1"]

1. e4 e5 2. Nf3 Nf6 3. Nxe5 d6 4. Nf3 Nxe4 5. Nc3 Nxc3 6. dxc3 Nc6 7. Be3 Be7 8. Qd2 Be6 9. Bb5 a6 10. Ba4 b5 11. Bb3 Bxb3 12. axb3 Bf6 13. 0-0 0-0 14. Ra2 Qc8 15. Rfa1 Rd8 1/2-1/2